Procesos de acreditación y certificación de la competencia laboral (Registro nro. 4602)
[ vista simple ]
| 000 -CABECERA | |
|---|---|
| campo de control de longitud fija | 01390nam a2200325 b 4500 |
| 001 - NÚMERO DE CONTROL | |
| campo de control | bimo0001067266 |
| 003 - IDENTIFICADOR DEL NÚMERO DE CONTROL | |
| campo de control | SpMaBN |
| 005 - FECHA Y HORA DE LA ÚLTIMA TRANSACCIÓN | |
| campo de control | 20190509120231.0 |
| 008 - DATOS DE LONGITUD FIJA--INFORMACIÓN GENERAL | |
| campo de control de longitud fija | 981127s1998 sp | o||| ||spa |
| 016 7# - NÚMERO DE CONTROL DE UNA AGENCIA BIBLIOGRÁFICA NACIONAL | |
| Número de control del registro | bimoBNE19983161461 |
| Fuente | SpMaBN |
| 017 ## - NÚMERO DE COPYRIGHT O DE DEPÓSITO LEGAL | |
| Número de copyright o de depósito legal | M 35871-1998 |
| Agencia que asigna | Oficina Depósito Legal Madrid |
| 020 ## - NÚMERO INTERNACIONAL ESTÁNDAR DEL LIBRO | |
| Número Internacional Estándar del Libro | 8476660928 |
| 035 ## - NÚMERO DE CONTROL DEL SISTEMA | |
| Número de control de sistema | (OCoLC)432402967 |
| 040 ## - FUENTE DE LA CATALOGACIÓN | |
| Centro catalogador/agencia de origen | SpMaBN |
| Centro/agencia transcriptor | AR-RoIUNI |
| 080 #0 - NÚMERO DE LA CLASIFICACIÓN DECIMAL UNIVERSAL | |
| Número de la Clasificación Decimal Universal | 377 ANT |
| 100 1# - ENTRADA PRINCIPAL--NOMBRE DE PERSONA | |
| Nombre de persona | Anta, Gregorio |
| 245 10 - MENCIÓN DE TÍTULO | |
| Título | Procesos de acreditación y certificación de la competencia laboral |
| Mención de responsabilidad, etc. | Gregorio Anta |
| 260 ## - PUBLICACIÓN, DISTRIBUCIÓN, ETC. (PIE DE IMPRENTA) | |
| Lugar de publicación, distribución, etc. | Madrid |
| Nombre del editor, distribuidor, etc. | Organización de Estados Iberoamericanos para la Educación, la Ciencia y la Cultura |
| Fecha de publicación, distribución, etc. | 1998 |
| 300 ## - DESCRIPCIÓN FÍSICA | |
| Extensión | 128 p. |
| Dimensiones | 23 cm |
| 490 1# - MENCIÓN DE SERIE | |
| Mención de serie | Programa de Cooperación Iberoamericana para el Diseño de la Formación Profesional, IBERFOP |
| Designación de volumen o secuencia | 2 |
| 650 #7 - PUNTO DE ACCESO ADICIONAL DE MATERIA--TÉRMINO DE MATERIA | |
| Término de materia o nombre geográfico como elemento inicial | Cualificaciones profesionales |
| Subdivisión general | Certificación |
| Fuente del encabezamiento o término | embne |
| 650 10 - PUNTO DE ACCESO ADICIONAL DE MATERIA--TÉRMINO DE MATERIA | |
| Término de materia o nombre geográfico como elemento inicial | Educación Superior |
| 9 (RLIN) | 489 |
| 710 2# - PUNTO DE ACCESO ADICIONAL--NOMBRE DE ENTIDAD CORPORATIVA | |
| Nombre de entidad corporativa o nombre de jurisdicción como elemento de entrada | Organización de Estados Iberoamericanos para la Educación, la Ciencia y la Cultura |
| 830 #0 - PUNTO DE ACCESO ADICIONAL DE SERIE-TÍTULO UNIFORME | |
| Título uniforme | Programa de Cooperación Iberoamericana para el Diseño de la Formación Profesional, IBERFOP (Serie) |
| Designación de número de volumen o secuencia | 2 |
| 942 ## - ELEMENTOS DE PUNTO DE ACCESO ADICIONAL (KOHA) | |
| Fuente del sistema de clasificación o colocación | Clasificación Decimal Universal |
| Tipo de ítem Koha | Libros |
| 956 ## - LOCALIZACIÓN Y ACCESO ELECTRÓNICOS LOCAL (OCLC) | |
| Nombre del host | 2 |
| 980 ## - EQUIVALENCIA O REFERENCIA-CRUZADA-MENCIÓN DE SERIE--NOMBRE DE PERSONA/TÍTULO [LOCAL, CANADÁ] | |
| Nombre de persona | M 35871-1998 |
| -- | 84-7666-092-8 |
| -- | M-BN |
| Numeración | BNALCALA |
| Calificador de atribución | 10/96272 |
| Títulos y otros términos asociados al nombre | ALCALA |
| 980 ## - EQUIVALENCIA O REFERENCIA-CRUZADA-MENCIÓN DE SERIE--NOMBRE DE PERSONA/TÍTULO [LOCAL, CANADÁ] | |
| Nombre de persona | M 35871-1998 |
| -- | 84-7666-092-8 |
| -- | M-BN |
| Numeración | BNALCALA |
| Calificador de atribución | AHM/402668 |
| Títulos y otros términos asociados al nombre | SALA_ALC |
| 980 ## - EQUIVALENCIA O REFERENCIA-CRUZADA-MENCIÓN DE SERIE--NOMBRE DE PERSONA/TÍTULO [LOCAL, CANADÁ] | |
| Nombre de persona | M 35871-1998 |
| -- | M-BN |
| Numeración | BNALCALA |
| Calificador de atribución | DL/877347 |
| Títulos y otros términos asociados al nombre | CONSERVACI |
| Estado de retiro | Estado de pérdida | Fuente del sistema de clasificación o colocación | Estado dañado | Excepción de préstamo | Código de colección | Localización permanente | Ubicación/localización actual | Ubicación en estantería | Fecha de adquisición | Número de inventario | Total de préstamos | Signatura topográfica completa | Código de barras | Fecha visto por última vez | Precio válido a partir de | Tipo de ítem Koha |
|---|---|---|---|---|---|---|---|---|---|---|---|---|---|---|---|---|
| Clasificación Decimal Universal | Literatura General | BIBLIOTECA CENTRAL | BIBLIOTECA CENTRAL | BIBLIOTECA CENTRAL | 09/05/2019 | 5459 | 377 ANT | 5459c | 09/05/2019 | 09/05/2019 | Libros |

